| 000 | 00397nam a2200145Ia 4500 | ||
|---|---|---|---|
| 008 | 150201s2007 xx 000 0 und d | ||
| 082 |
_a610 _b0707M |
||
| 100 | _aMCPHERSON,STEPHEN | ||
| 245 | _a2007 CURRENT MEDICAL DIAGNOSIS AND TREATMENT | ||
| 250 | _aINTERNATIONAL | ||
| 260 |
_bMc-GRAW-HILL L PUBLISHING _aBOSTON( LONDON )) _c2007 |
||
| 300 | _aJan-31 | ||
| 650 | _aMEDICINE | ||
| 942 |
_2ddc _cBK |
||
| 999 |
_c3702 _d3702 |
||